000 00753nam a2200253Ia 4500
001 Para_731
003 CHAP
008 220125s1999 xx 000 0 und d
010 _a204489
040 _cCHAP
090 _aPA FOLLETO 3448
110 _aComité Estatal de Sanidad Vegetal de Guanajuato
_925875
245 _aCampaña fitosanitaria contra las plagas del suelo . manual técnico /
_c por Comité estatal de sanidad vegetal de Guanajuato
260 _aIrapuato, Gto. :
_b CESAGEV
300 _a23 p.
650 _aSuelos
_x fauna
_9110365
901 _aPA FOLLETO 3448
902 _aA
905 _a0000001999 a 0000000000 00
910 _a1999
942 _cPARA
942 _cPARA
_d1
999 _c204489
_d204489